Statistics for The Elder Scrolls Games (In Order)

Click here to take the quiz!

General Stats

  • This quiz has been taken 1,501 times
  • The average score is 6 of 8

Answer Stats

HintAnswer% Correct
2011: Elder Scrolls 5Skyrim
100%
2006: Elder Scrolls 4Oblivion
98%
2002: Elder Scrolls 3Morrowind
96%
1994: Elder Scrolls 1Arena
89%
1996: Elder Scrolls 2Daggerfall
84%
Set to release late 2013: Separate from the seriesElder Scrolls Online
65%
1998: Separate from the seriesRedguard
55%
1997: Separate from the seriesBattlespire
35%

Score Distribution

Percentile by Number Answered

Percent of People with Each Score

Your Score History

You have not taken this quiz